Los cerros orientales de Bogotá: (Registro nro. 20630)

Detalles MARC
000 -CABECERA
Campo de control 00741nam a22002057a 4500
005 - FECHA Y HORA DE LA ULTIMA TRANSACCION
Campo de control 20200221093618.0
008 - ELEMENTOS DE LONGITUD FIJA—INFORMACION GENERAL
Campo de control 191209b xxu||||| |||| 00| 0 spa d
040 ## - FUENTE DE CATALOGACIÓN
Agencia catalogadora original CO-BoIAVH
Agencia transcriptora CO-BoIAVH
041 ## - IDIOMA
Código de idioma para texto/pista de sonido o título separado Español
044 ## - PAÍS DE PUBLICACIÓN
País de publicación Colombia
110 ## - ASIENTO PRINCIPAL--NOMBRE CORPORATIVO
Nombre corporativo o de jurisdicción como elemento de entrada Corporación Suna Hisca
9 (RLIN) 4007
245 ## - MENCION DE TITULO
Título Los cerros orientales de Bogotá:
Parte restante del título Restauración en los predios de la empresa de acueducto de Bogotá reserva forestal protectora bosque oriental microcuenca río san francisco.
260 ## - PUBLICACION, DISTRIBUCION, ETC. (PIE DE IMPRENTA)
Lugar de publicación, distribución, etc. :
Nombre del editor, distribuidor, etc. ,
Fecha de publicación, distribución, etc. .
300 ## - DESCRIPCION FISICA
Extensión 4 folletos plegable:
Otros detalles físicos fotografías,
Dimensiones 19 x 24 cm.
650 #0 - ASIENTO SECUNDARIO DE MATERIA - TERMINO TEMATICO
9 (RLIN) 5934
Término temático o nombre geográfico como elemento de entrada Reserva forestal
650 #0 - ASIENTO SECUNDARIO DE MATERIA - TERMINO TEMATICO
9 (RLIN) 77977
Término temático o nombre geográfico como elemento de entrada Cerros orientales
650 #0 - ASIENTO SECUNDARIO DE MATERIA - TERMINO TEMATICO
9 (RLIN) 102089
Término temático o nombre geográfico como elemento de entrada Microcuenca
Subdivisión de forma río
Subdivisión geográfica San francisco
650 #0 - ASIENTO SECUNDARIO DE MATERIA - TERMINO TEMATICO
9 (RLIN) 67317
Término temático o nombre geográfico como elemento de entrada Predios
942 ## - ELEMENTOS ADICIONALES (KOHA)
Sistema de clasificación Dewey Decimal Classification
Tipo de ítem Folleto
Existencias
Withdrawn status Lost status Sistema de Clasificación Damaged status No para préstamo Colección Ubicación Permanente Ubicación actual Fecha de adquisición Total Checkouts Número topográfico Inventario / Código de Barras Date last seen Ejemplar Price effective from Forma de adquisición Tipo de material Public note
    Dewey Decimal Classification     Hemeroteca Bogotá Bogotá 09/12/2019   FG-0483 043868 09/12/2019 Ej.1 09/12/2019 Canje Folleto Incluye 4 folletos plegables: (CID-044225, CID-044224, CID-04223, CID-04222)